Normal view
MARC view
- Capistrán, Miguel,
Entry Nombre Personal
001 - NUMERO DE CONTROL
- campo de control: 30633
003 - IDENTIFICADOR DE NUMERO DE CONTROL
- campo de control: UPN
005 - FECHA Y HORA DE LA ÜLTIMA TRANSACCIÓN
- campo de control: 20210219194415.0
008 - DATOS DE LONGITUD FIJA
- campo de control de longitud fija: nabaccnnaabn|||||||||| b |nc|||||d
035 ## - NUMERO DE CONTROL
- Número de control: UPN11000002739
040 ## - FUENTE DE CATALOGACIÓN
- Lenguaje de catalogación: SPA
- Agencia de transcripción: UPN
100 1# - ENCABEZAMIENTO - NOMBRE PERSONAL
- Nombre personal: Capistrán, Miguel,
- Fechas asociadas con el nombre: 1939-2012
670 ## - FUENTE EN LA QUE SE LOCALIZARON DATOS
- Cita de la fuente: T
- Uniform Resource Identifier: http://www.operamundi-magazine.com/2012/09/miguel-capistran-infatigable-promotor-de-la-cultura.html
680 ## - NOTA PUBLICA DE ACCESO PÚBLICO
- Frase explicativa de la referencia: Escritor y ensayista mexicano
902 ## - CATALOGADOR
- Catalogador: CAA/061210
